000 01290cam a22003257a 4500
003 CHAP
005 20220817043624.0
008 000222d1999 br a r 00110 por d
010 _a80015
011 _a80987
035 _a91446
040 _cCHAP
090 _aTesis
100 0 0 _aMartínez Pérez, Dámaso.
_972386
245 1 0 _aDesenvolvimento, producao e qualidade dos frutos de laranjeiras doces (Cittrus sinensis (L.) Osbeck) enxertadas em citrumelo "swingle" (Citrus paradisis Macf. X Poncirus trifoliata (l.) Raf.)
_c/por Dámaso Martínez Pérez
260 _aJaboticabal, Brasil :
_bEl autor,
_c1999.
300 _a178 h. :
_bilus. ; gráfs.
502 _aTesis (Doutor em agronomia. Area de concentracao em producao Vegetal) -- Universidade Estadual Paulista. Faculdade de Ciencias Agrarias e Beterinarias. campus de Jaboticabal
590 _aALEPH
_b10
_c20130110
_lUCH01
_h1434
590 _aBATCH-UPD
_b10
_c20130110
_lUCH01
_h1454
590 _aBATCH-UPD
_b10
_c20130410
_lUCH01
_h0919
590 _aBATCH-UPD
_b10
_c20130914
_lUCH01
_h1836
590 _aCONVERSION
_b10
_c20130109
_lUCH01
_h1344
650 1 4 _aNaranja.
_980130
650 1 4 _aPomelo.
901 _aBK
905 _aBlanca M. García O.
942 _cTESIS
949 _bBC
_cTES
_d914461
_eTS1
_h35609
_i91446
_sb
999 _c80015
_d80015